[Event "Norway Armageddon 2019"]
[Site "Stavanger NOR"]
[Date "2019.06.08"]
[Round "4"]
[White "Aronian, Levon"]
[Black "Vachier-Lagrave, Maxime"]
[Result "1/2-1/2"]
[WhiteElo "2752"]
[BlackElo "2779"]
[PlyCount "84"]
[EventDate "2019.06.04"]

1. c4 c5 2. Nc3 g6 3. g3 Bg7 4. Bg2 Nc6 5. d3 Nf6 6. Rb1 e6 7. a3 d5 8. Bg5
dxc4 9. dxc4 Qxd1+ 10. Rxd1 Bd7 11. Nb5 Ke7 12. Nd6 h6 13. Bf4 g5 14. Be3 b6
15. h4 g4 16. b4 cxb4 17. axb4 Nxb4 18. Bxa8 Nc2+ 19. Kd2 Nxe3 20. Kxe3 Rxa8
21. f3 Bc6 22. Nb5 Nd7 23. Kf2 Ne5 24. Rc1 gxf3 25. Nxf3 Bxf3 26. exf3 Nd3+ 27.
Ke3 Nxc1 28. Rxc1 a6 29. Nc3 Rc8 30. Ne4 f5 31. Nd2 Be5 32. Rb1 b5 33. cxb5
axb5 34. g4 Rc3+ 35. Ke2 Bf4 36. Nb3 fxg4 37. fxg4 e5 38. Na5 e4 39. Rb4 Rc2+
40. Kd1 Rc1+ 41. Ke2 Rc2+ 42. Kd1 Rc1+ 1/2-1/2

[Event "Norway Armageddon 2019"]
[Site "Stavanger NOR"]
[Date "2019.06.08"]
[Round "4"]
[White "Caruana, Fabiano"]
[Black "So, Wesley"]
[Result "1/2-1/2"]
[WhiteElo "2819"]
[BlackElo "2754"]
[PlyCount "142"]
[EventDate "2019.06.04"]

1. e4 e5 2. Nf3 Nf6 3. Nxe5 d6 4. Nf3 Nxe4 5. Nc3 Nxc3 6. dxc3 Be7 7. Be3 Nc6
8. Qd2 Be6 9. O-O-O Qd7 10. h4 h6 11. Nd4 Nxd4 12. Bxd4 Rg8 13. c4 c5 14. Bc3
O-O-O 15. Qe3 g5 16. hxg5 hxg5 17. Be2 Rge8 18. b3 d5 19. cxd5 Bxd5 20. Bf3 Bd6
21. Qxg5 Bxf3 22. gxf3 Qe6 23. Kb1 Be7 24. Qf4 Bd6 25. Qa4 Bb8 26. Rdg1 Qd7 27.
Qc4 Qd5 28. Qg4+ f5 29. Qh5 Rg8 30. Re1 Bf4 31. Bf6 Rd7 32. Kb2 b6 33. Re8+
Rxe8 34. Qxe8+ Kb7 35. Rh8 Ka6 36. Qe2+ Kb7 37. a4 Qd6 38. Bc3 Re7 39. Qc4 Be5
40. Rf8 Bxc3+ 41. Qxc3 Qd5 42. f4 Ka6 43. a5 bxa5 44. Rf6+ Kb5 45. Ka3 Re4 46.
Qh3 Qd1 47. Qc3 a4 48. Rxf5 Qc1+ 49. Qb2 Qxb2+ 50. Kxb2 axb3 51. Kxb3 Rb4+ 52.
Kc3 Rc4+ 53. Kd3 Rd4+ 54. Ke3 Rc4 55. Kd2 Rd4+ 56. Ke2 Re4+ 57. Kd2 Rd4+ 58.
Kc1 a5 59. Rf8 Re4 60. f5 Re1+ 61. Kb2 Rf1 62. Rb8+ Kc6 63. Rf8 Rxf2 64. f6 a4
65. Ka3 Kb7 66. c4 Rf4 67. f7 Ka7 68. Kxa4 Rxc4+ 69. Kb5 Rf4 70. Kxc5 Kb7 71.
Kd6 Rf1 1/2-1/2

[Event "Poikovsky Tournament 2019"]
[Site "Poikovsky RUS"]
[Date "2019.06.06"]
[Round "1"]
[White "Fedoseev, Vladimir3"]
[Black "Kovalev, Vladislav"]
[Result "1/2-1/2"]
[WhiteElo "2680"]
[BlackElo "2661"]
[PlyCount "46"]
[EventDate "2019.06.06"]

1. e4 e5 2. Nf3 Nc6 3. Bb5 a6 4. Ba4 Nf6 5. O-O Be7 6. Bxc6 dxc6 7. d3 Nd7 8.
b3 c5 9. Bb2 Bd6 10. Nfd2 b5 11. a4 Rb8 12. axb5 axb5 13. Qg4 Qf6 14. f4 Qg6
15. Qxg6 hxg6 16. Nf3 exf4 17. Bxg7 Rh5 18. Bc3 f6 19. Ra5 Ne5 20. Nbd2 Nc6 21.
Raa1 Ke7 22. Rfe1 Bd7 23. h3 Re8 1/2-1/2

[Event "Poikovsky Tournament 2019"]
[Site "Poikovsky RUS"]
[Date "2019.06.06"]
[Round "1"]
[White "Mamedov, Rauf"]
[Black "Artemiev, Vladislav"]
[Result "1/2-1/2"]
[WhiteElo "2650"]
[BlackElo "2761"]
[PlyCount "78"]
[EventDate "2019.06.06"]

1. e4 c6 2. d4 d5 3. exd5 cxd5 4. Bd3 Nc6 5. c3 e6 6. Nf3 Bd6 7. O-O Nge7 8.
Re1 O-O 9. Ng5 g6 10. Nf3 Nf5 11. Nbd2 Re8 12. Nf1 Nh4 13. Ne3 Nxf3+ 14. Qxf3
h5 15. Bd2 Bd7 16. h3 Bf8 17. Rad1 Bg7 18. Bc1 b5 19. b4 a5 20. a3 axb4 21.
axb4 Ne7 22. g4 hxg4 23. Nxg4 Nf5 24. Ne5 Rc8 25. Bxf5 exf5 26. Qxd5 Bxe5 27.
dxe5 Bc6 28. Qxd8 Rcxd8 29. Bf4 Bf3 30. Rxd8 Rxd8 31. Kh2 Rd3 32. Re3 Rxe3 33.
Bxe3 Kf8 34. Kg3 Bd5 35. Kf4 Ke7 36. h4 Ke6 37. Bd4 Bc4 38. Kg5 Be2 39. Kf4 Bd3
1/2-1/2

[Event "Poikovsky Tournament 2019"]
[Site "Poikovsky RUS"]
[Date "2019.06.06"]
[Round "1"]
[White "Jakovenko, Dmitry"]
[Black "Esipenko, Andrey"]
[Result "1-0"]
[WhiteElo "2704"]
[BlackElo "2611"]
[PlyCount "59"]
[EventDate "2019.06.06"]

1. e4 e5 2. Nf3 Nc6 3. Bb5 a6 4. Ba4 Nf6 5. O-O Be7 6. d3 b5 7. Bb3 d6 8. a4
Bd7 9. c3 Na5 10. Bc2 c5 11. d4 Qb8 12. Bg5 h6 13. Bh4 Be6 14. Nbd2 O-O 15. h3
Rc8 16. Bg3 cxd4 17. cxd4 Nh5 18. Bh2 Nf4 19. Bxf4 exf4 20. Re1 Bf6 21. e5 Be7
22. d5 Bxd5 23. Ne4 Rxc2 24. exd6 Bxd6 25. Nxd6 Qxd6 26. Qxc2 bxa4 27. Rxa4 Nc6
28. Rxa6 Rc8 29. Qd2 Qc5 30. Rc1 1-0

[Event "Poikovsky Tournament 2019"]
[Site "Poikovsky RUS"]
[Date "2019.06.06"]
[Round "1"]
[White "Sasikiran, Krishnan"]
[Black "Wang, Hao"]
[Result "1/2-1/2"]
[WhiteElo "2673"]
[BlackElo "2737"]
[PlyCount "46"]
[EventDate "2019.06.06"]

1. e4 e5 2. Nf3 Nc6 3. Bb5 Nf6 4. d3 d6 5. O-O Bd7 6. c3 g6 7. Re1 Bg7 8. Nbd2
O-O 9. Ba4 Re8 10. Nf1 Na5 11. Bc2 c5 12. h3 Nc6 13. Ne3 h6 14. Nh2 Be6 15.
Nhg4 h5 16. Nxf6+ Bxf6 17. Bb3 Bg5 18. Rf1 Kg7 19. Bxe6 Rxe6 20. Nd5 Bxc1 21.
Rxc1 Ne7 22. Qb3 Nxd5 23. Qxd5 Qe7 1/2-1/2

[Event "Poikovsky Tournament 2019"]
[Site "Poikovsky RUS"]
[Date "2019.06.06"]
[Round "1"]
[White "Korobov, Anton"]
[Black "Saric, Ivan"]
[Result "1-0"]
[WhiteElo "2687"]
[BlackElo "2680"]
[PlyCount "75"]
[EventDate "2019.06.06"]

1. d4 Nf6 2. c4 e6 3. Nc3 Bb4 4. Nf3 b6 5. Qc2 Bb7 6. a3 Bxc3+ 7. Qxc3 a5 8. b3
O-O 9. e3 Ne4 10. Qc2 f5 11. Be2 Ng5 12. Bb2 d6 13. d5 e5 14. Nd2 Qf6 15. f4
Nf7 16. O-O Nd7 17. e4 Qh6 18. exf5 exf4 19. Nf3 Nfe5 20. Nd4 g5 21. Ne6 Rf6
22. Rad1 Rc8 23. b4 axb4 24. axb4 Qh4 25. h3 c6 26. Ra1 f3 27. Bxf3 cxd5 28.
Ra7 g4 29. Bxg4 Rxc4 30. Qf2 Qxf2+ 31. Rxf2 Bc6 32. b5 Bxb5 33. Ra8+ Nf8 34.
Be2 Rb4 35. Bxb5 Rxb5 36. Bxe5 dxe5 37. Rf3 h5 38. Rg3+ 1-0

[Event "Poikovsky Tournament 2019"]
[Site "Poikovsky RUS"]
[Date "2019.06.07"]
[Round "2"]
[White "Artemiev, Vladislav"]
[Black "Jakovenko, Dmitry"]
[Result "1/2-1/2"]
[WhiteElo "2761"]
[BlackElo "2704"]
[PlyCount "105"]
[EventDate "2019.06.06"]

1. d4 Nf6 2. Bg5 d5 3. Nd2 c5 4. e3 Nc6 5. Ngf3 cxd4 6. exd4 Qb6 7. Nb3 Bf5 8.
c3 e6 9. Bf4 Be7 10. Be2 a5 11. a4 Ne4 12. O-O O-O 13. Re1 Rad8 14. Ra2 Bd6 15.
Bxd6 Nxd6 16. Nbd2 Rfe8 17. Bf1 Bg4 18. h3 Bh5 19. Qb1 Bg6 20. Bd3 Bxd3 21.
Qxd3 f6 22. Nf1 Nc4 23. Ne3 Qb3 24. Raa1 Nb4 25. Qb1 Nc6 26. Nxc4 Qxc4 27. Re3
Qa6 28. Qe1 Kf7 29. Qb1 Kg8 30. Qc2 Re7 31. Rae1 Rde8 32. h4 Nd8 33. h5 Nf7 34.
Nh4 Qd6 35. Qe2 Nh6 36. g3 e5 37. dxe5 Rxe5 38. Qd3 Qc5 39. Rxe5 Rxe5 40. Rxe5
fxe5 41. Nf5 Nxf5 42. Qxf5 Qe7 43. Kg2 h6 44. Kf1 Qe8 45. b3 b5 46. Qd3 bxa4
47. Qxd5+ Kh8 48. bxa4 Qxa4 49. Kg2 e4 50. c4 Qc2 51. Qf5 Qxc4 52. Qxa5 e3 53.
fxe3 1/2-1/2

[Event "Poikovsky Tournament 2019"]
[Site "Poikovsky RUS"]
[Date "2019.06.07"]
[Round "2"]
[White "Wang, Hao"]
[Black "Korobov, Anton"]
[Result "1/2-1/2"]
[WhiteElo "2737"]
[BlackElo "2687"]
[PlyCount "31"]
[EventDate "2019.06.06"]

1. d4 d5 2. c4 c6 3. Nf3 Nf6 4. e3 e6 5. Bd3 Nbd7 6. b3 Bd6 7. Bb2 b6 8. O-O
Bb7 9. Nbd2 O-O 10. Qe2 Re8 11. Rac1 Qc7 12. Rfd1 Rad8 13. Nf1 Ne4 14. Ng3 Ndf6
15. Ne5 c5 16. a3 1/2-1/2

[Event "Poikovsky Tournament 2019"]
[Site "Poikovsky RUS"]
[Date "2019.06.07"]
[Round "2"]
[White "Fedoseev, Vladimir3"]
[Black "Mamedov, Rauf"]
[Result "1/2-1/2"]
[WhiteElo "2680"]
[BlackElo "2650"]
[PlyCount "92"]
[EventDate "2019.06.06"]

1. e4 c5 2. Nf3 Nc6 3. Bb5 g6 4. O-O Bg7 5. Bxc6 dxc6 6. d3 b6 7. a4 a5 8. h3
Nf6 9. Nc3 Nd7 10. Be3 e5 11. Nh2 Nf8 12. Qd2 Ne6 13. Bh6 Bf6 14. Ng4 g5 15. g3
Rg8 16. Nd1 Nd4 17. Kg2 Bxg4 18. hxg4 Bh8 19. Ne3 Qf6 20. Qd1 Qxh6 21. c3 Ne6
22. Rh1 Qf6 23. Rxh7 O-O-O 24. Qb3 Kc7 25. Qc4 Bg7 26. Nf5 Kb7 27. Rb1 Bf8 28.
Rc1 Rd7 29. b4 axb4 30. cxb4 Nd4 31. bxc5 Nxf5 32. gxf5 Bxc5 33. a5 Qd6 34.
axb6 Bxb6 35. Rxf7 Rgd8 36. Rd1 g4 37. f3 gxf3+ 38. Kxf3 Qh6 39. Kg2 Qe3 40.
Qa2 Rxf7 41. Qxf7+ Kb8 42. Qa2 Rxd3 43. Qg8+ Kb7 44. Qf7+ Kb8 45. Qg8+ Kb7 46.
Qf7+ Kb8 1/2-1/2

[Event "Poikovsky Tournament 2019"]
[Site "Poikovsky RUS"]
[Date "2019.06.07"]
[Round "2"]
[White "Kovalev, Vladislav"]
[Black "Saric, Ivan"]
[Result "1/2-1/2"]
[WhiteElo "2661"]
[BlackElo "2680"]
[PlyCount "129"]
[EventDate "2019.06.06"]

1. e4 c5 2. Nf3 d6 3. Bb5+ Nd7 4. d4 cxd4 5. Qxd4 a6 6. Bxd7+ Bxd7 7. Nc3 e5 8.
Qd3 Rc8 9. O-O h6 10. Nd2 Qc7 11. Rd1 Bg4 12. f3 Be6 13. Nf1 Nf6 14. Ne3 Be7
15. a4 O-O 16. Bd2 Rfd8 17. Kh1 Bc4 18. Nxc4 Qxc4 19. Qxc4 Rxc4 20. Be1 d5 21.
exd5 Bb4 22. h3 Bxc3 23. Bxc3 Rxd5 24. Rxd5 Nxd5 25. Bxe5 Rxc2 26. Rd1 Ne3 27.
Rd8+ Kh7 28. Rd7 Kg6 29. Rxb7 Nxg2 30. b4 Nh4 31. Bg3 Nf5 32. Bb8 f6 33. Rb6
Kg5 34. Rxa6 Kh4 35. Kg1 Kxh3 36. b5 Ne3 37. Rc6 Rg2+ 38. Kh1 Ra2 39. Rc1 Rxa4
40. Rb1 Nd5 41. Kg1 Ra2 42. Rb3 Ra8 43. Bd6 Rd8 44. Bc5 Ra8 45. b6 Ra1+ 46. Kf2
Ra2+ 47. Kf1 Ra1+ 48. Kf2 Ra2+ 49. Kf1 Ra1+ 50. Ke2 Ra2+ 51. Kd3 Nxb6 52. Rxb6
h5 53. Bf8 Kg2 54. Bxg7 h4 55. Bxf6 h3 56. Be5 Kxf3 57. Rf6+ Kg2 58. Rh6 Ra3+
59. Ke2 Ra2+ 60. Ke1 Ra5 61. Rg6+ Kh1 62. Bf4 h2 63. Ke2 Ra2+ 64. Kf3 Rf2+ 65.
Kxf2 1/2-1/2

[Event "Poikovsky Tournament 2019"]
[Site "Poikovsky RUS"]
[Date "2019.06.07"]
[Round "2"]
[White "Esipenko, Andrey"]
[Black "Sasikiran, Krishnan"]
[Result "1/2-1/2"]
[WhiteElo "2611"]
[BlackElo "2673"]
[PlyCount "52"]
[EventDate "2019.06.06"]

1. e4 e5 2. Nf3 Nc6 3. Bb5 a6 4. Ba4 Nf6 5. O-O Be7 6. d3 b5 7. Bb3 d6 8. a3
Be6 9. Bxe6 fxe6 10. c4 bxc4 11. Qa4 Qd7 12. Qxc4 d5 13. Qc2 dxe4 14. dxe4 Nd4
15. Nxd4 exd4 16. e5 Nd5 17. Nd2 O-O 18. Ne4 c5 19. Nxc5 Rfc8 20. b4 Bxc5 21.
bxc5 Nc3 22. Bd2 Rxc5 23. Qd3 Qb5 24. Qh3 Qc6 25. Rae1 Rd8 26. f4 g6 1/2-1/2

[Event "Poikovsky Tournament 2019"]
[Site "Poikovsky RUS"]
[Date "2019.06.08"]
[Round "3"]
[White "Sasikiran, Krishnan"]
[Black "Artemiev, Vladislav"]
[Result "1-0"]
[WhiteElo "2673"]
[BlackElo "2761"]
[PlyCount "69"]
[EventDate "2019.06.06"]

1. e4 c5 2. Nf3 d6 3. d4 cxd4 4. Nxd4 Nf6 5. Nc3 a6 6. f3 e6 7. Be3 b5 8. Qd2
b4 9. Na4 Nbd7 10. O-O-O Qa5 11. b3 Bb7 12. a3 Qc7 13. axb4 d5 14. Bf2 Bd6 15.
Bg3 Bxg3 16. hxg3 dxe4 17. g4 Nd5 18. Bc4 Ne5 19. Bxd5 exd5 20. fxe4 dxe4 21.
Nf5 O-O 22. Qc3 Rfc8 23. Nc5 f6 24. Qh3 h6 25. g5 fxg5 26. Rd7 Nxd7 27. Nxh6+
gxh6 28. Qe6+ Kg7 29. Qxh6+ Kf7 30. Qe6+ Kg7 31. Qe7+ Kg6 32. Qh7+ Kf6 33.
Nxd7+ Ke6 34. Qg6+ Kd5 35. Rd1# 1-0

[Event "Poikovsky Tournament 2019"]
[Site "Poikovsky RUS"]
[Date "2019.06.08"]
[Round "3"]
[White "Jakovenko, Dmitry"]
[Black "Fedoseev, Vladimir3"]
[Result "1/2-1/2"]
[WhiteElo "2704"]
[BlackElo "2680"]
[PlyCount "103"]
[EventDate "2019.06.06"]

1. e4 e5 2. Nf3 Nc6 3. Bb5 a6 4. Ba4 Nf6 5. d3 b5 6. Bb3 Bc5 7. c3 d6 8. Bg5 h6
9. Bh4 g5 10. Bg3 Be6 11. O-O Qd7 12. d4 Bxb3 13. axb3 exd4 14. cxd4 Bb6 15.
Re1 Nh5 16. d5 Nb4 17. Nd4 Ng7 18. Qd2 Bc5 19. f3 O-O 20. Bf2 f5 21. Nc3 fxe4
22. Rxe4 Rae8 23. Ne6 Nxe6 24. dxe6 Qc6 25. Rae1 Rf5 26. h4 Nd5 27. hxg5 Rxg5
28. Nxd5 Qxd5 29. Qc2 Bxf2+ 30. Qxf2 Rg6 31. Qe3 Qg5 32. Qf2 Qd5 33. Qe3 Qg5
34. g4 h5 35. Qxg5 Rxg5 36. Kg2 Kg7 37. Kg3 hxg4 38. f4 Rd5 39. Rh1 Kf6 40. Re3
Rd2 41. Rh7 Rxb2 42. Rf7+ Kg6 43. f5+ Kg5 44. e7 Rh8 45. Rg7+ Kf6 46. Rg6+ Kf7
47. Rh6 Re8 48. Ree6 Rxb3+ 49. Kf4 Rh3 50. Rhf6+ Kg7 51. Rg6+ Kf7 52. Rgf6+
1/2-1/2

[Event "Poikovsky Tournament 2019"]
[Site "Poikovsky RUS"]
[Date "2019.06.08"]
[Round "3"]
[White "Mamedov, Rauf"]
[Black "Kovalev, Vladislav"]
[Result "1/2-1/2"]
[WhiteElo "2650"]
[BlackElo "2661"]
[PlyCount "43"]
[EventDate "2019.06.06"]

1. e4 c5 2. Nf3 d6 3. Bb5+ Bd7 4. Bxd7+ Qxd7 5. O-O Nf6 6. Qe2 Nc6 7. Rd1 Rc8
8. c3 e6 9. d4 cxd4 10. Bg5 Be7 11. cxd4 h6 12. Bxf6 Bxf6 13. e5 Be7 14. exd6
Qxd6 15. Nc3 O-O 16. d5 exd5 17. Nxd5 Rfd8 18. Kf1 Rb8 19. Nxe7+ Qxe7 20. Qxe7
Nxe7 21. Rxd8+ Rxd8 22. Ke2 1/2-1/2

[Event "Poikovsky Tournament 2019"]
[Site "Poikovsky RUS"]
[Date "2019.06.08"]
[Round "3"]
[White "Korobov, Anton"]
[Black "Esipenko, Andrey"]
[Result "1/2-1/2"]
[WhiteElo "2687"]
[BlackElo "2611"]
[PlyCount "31"]
[EventDate "2019.06.06"]

1. d4 Nf6 2. c4 e6 3. Nc3 Bb4 4. Bd2 O-O 5. Nf3 d5 6. a3 Be7 7. Bf4 c5 8. e3
Nc6 9. dxc5 Bxc5 10. Qc2 Qa5 11. Be2 d4 12. exd4 Nxd4 13. Nxd4 Bxd4 14. Bd2 Qf5
15. Qxf5 exf5 16. O-O 1/2-1/2

[Event "Poikovsky Tournament 2019"]
[Site "Poikovsky RUS"]
[Date "2019.06.08"]
[Round "3"]
[White "Saric, Ivan"]
[Black "Wang, Hao"]
[Result "1/2-1/2"]
[WhiteElo "2680"]
[BlackElo "2737"]
[PlyCount "44"]
[EventDate "2019.06.06"]

1. e4 e5 2. Nf3 Nf6 3. Nxe5 d6 4. Nf3 Nxe4 5. d4 d5 6. Bd3 Bd6 7. O-O O-O 8. c4
c6 9. Qc2 Na6 10. a3 f5 11. b4 Nc7 12. Nc3 Nxc3 13. Qxc3 dxc4 14. Bxc4+ Be6 15.
Bxe6+ Nxe6 16. Qb3 Qd7 17. Rd1 Qf7 18. d5 cxd5 19. Qxd5 Rfd8 20. Qb3 Nf8 21.
Qxf7+ Kxf7 22. Kf1 Be7 1/2-1/2

[Event "Norway Chess 2019"]
[Site "Stavanger NOR"]
[Date "2019.06.09"]
[Round "5"]
[White "Vachier-Lagrave, Maxime"]
[Black "Carlsen, Magnus"]
[Result "1/2-1/2"]
[WhiteElo "2779"]
[BlackElo "2875"]
[PlyCount "60"]
[EventDate "2019.06.04"]

1. e4 c5 2. Nf3 Nc6 3. d4 cxd4 4. Nxd4 Nf6 5. Nc3 e5 6. Ndb5 d6 7. Nd5 Nxd5 8.
exd5 Nb8 9. a4 Be7 10. Be2 O-O 11. O-O Nd7 12. Kh1 a6 13. Na3 Nc5 14. Nc4 a5
15. f4 exf4 16. Bxf4 f5 17. Bd3 b6 18. Qe2 Ba6 19. Nxb6 Nxd3 20. cxd3 Qxb6 21.
Qxe7 Bxd3 22. Qe6+ Kh8 23. Qxd6 Qxd6 24. Bxd6 Bxf1 25. Bxf8 Bc4 26. Be7 Bxd5
27. Rd1 Bb3 28. Rd8+ Rxd8 29. Bxd8 Bxa4 30. Bxa5 Kg8 1/2-1/2

[Event "Norway Chess 2019"]
[Site "Stavanger NOR"]
[Date "2019.06.09"]
[Round "5"]
[White "So, Wesley"]
[Black "Anand, Viswanathan"]
[Result "1/2-1/2"]
[WhiteElo "2754"]
[BlackElo "2767"]
[PlyCount "91"]
[EventDate "2019.06.04"]

1. e4 e5 2. Nf3 Nc6 3. Bb5 a6 4. Ba4 Nf6 5. O-O Bc5 6. c3 b5 7. Bb3 d6 8. a4
Bb7 9. d3 h6 10. Re1 O-O 11. Nbd2 Ne7 12. Nh4 Rb8 13. axb5 axb5 14. Nf1 Bc8 15.
h3 Be6 16. Bxe6 fxe6 17. Nf3 b4 18. Ng3 bxc3 19. bxc3 Ng6 20. d4 Bb6 21. Be3
Nd7 22. Nd2 exd4 23. cxd4 e5 24. Nf3 Qf6 25. Nf5 Ne7 26. Nxe7+ Qxe7 27. Rc1 Rf7
28. d5 Bxe3 29. Rxe3 Nc5 30. Qe2 Rff8 31. Rec3 Rb4 32. Rc4 Rfb8 33. g3 Rxc4 34.
Rxc4 Qe8 35. Kg2 Rb7 36. Nh4 Qf7 37. Nf5 Kh7 38. h4 Nd7 39. Qc2 Nc5 40. Qe2 Nd7
41. Qc2 Nc5 42. Ne3 Nb3 43. Qd1 Nd4 44. Nc2 Rb2 45. Rc3 h5 46. Qd3 1/2-1/2

[Event "Norway Chess 2019"]
[Site "Stavanger NOR"]
[Date "2019.06.09"]
[Round "5"]
[White "Yu, Yangyi"]
[Black "Caruana, Fabiano"]
[Result "1/2-1/2"]
[WhiteElo "2738"]
[BlackElo "2819"]
[PlyCount "56"]
[EventDate "2019.06.04"]

1. d4 Nf6 2. Nf3 d5 3. c4 e6 4. g3 dxc4 5. Bg2 c6 6. Ne5 Bb4+ 7. Bd2 Be7 8. e3
b5 9. a4 b4 10. Nxc4 Nbd7 11. b3 Ba6 12. Bc1 Rc8 13. Bb2 c5 14. Nbd2 O-O 15.
O-O cxd4 16. Bxd4 Nc5 17. Rc1 Nd5 18. Ne4 Nc3 19. Qg4 Ne2+ 20. Qxe2 Nxb3 21.
Bb2 Nxc1 22. Rxc1 e5 23. Bxe5 Qd7 24. Bd4 Rfd8 25. Bf1 Bb7 26. Bg2 Ba6 27. Bf1
Bb7 28. Bg2 Ba6 1/2-1/2

[Event "Norway Chess 2019"]
[Site "Stavanger NOR"]
[Date "2019.06.09"]
[Round "5"]
[White "Ding, Liren"]
[Black "Aronian, Levon"]
[Result "1/2-1/2"]
[WhiteElo "2805"]
[BlackElo "2752"]
[PlyCount "65"]
[EventDate "2019.06.04"]

1. Nf3 d5 2. g3 Nf6 3. Bg2 e6 4. O-O Be7 5. d4 O-O 6. Nbd2 b6 7. c4 Bb7 8. cxd5
exd5 9. b3 a5 10. Ne5 a4 11. bxa4 Qe8 12. Qc2 Nc6 13. Bb2 Bd6 14. Rfc1 Nd8 15.
a5 Rxa5 16. a4 Ra7 17. e3 Ne6 18. h4 Qa8 19. Ndf3 Re8 20. Bf1 c5 21. Bb5 Re7
22. dxc5 bxc5 23. Qd1 h6 24. a5 Nd8 25. a6 Bxa6 26. Bxa6 Rxa6 27. Nc4 dxc4 28.
Qxd6 Rxa1 29. Rxa1 Qxf3 30. Qxe7 Ne4 31. Qxd8+ Kh7 32. Rf1 Nxg3 33. fxg3
1/2-1/2

[Event "Norway Chess 2019"]
[Site "Stavanger NOR"]
[Date "2019.06.09"]
[Round "5"]
[White "Mamedyarov, Shakhriyar"]
[Black "Grischuk, Alexander"]
[Result "1/2-1/2"]
[WhiteElo "2774"]
[BlackElo "2775"]
[PlyCount "51"]
[EventDate "2019.06.04"]

1. c4 Nf6 2. Nc3 e5 3. Nf3 Nc6 4. e3 d5 5. cxd5 Nxd5 6. Bb5 Nxc3 7. bxc3 Bd6 8.
d4 Bd7 9. O-O O-O 10. Nd2 Qh4 11. g3 Qh6 12. Bd3 Rae8 13. Ne4 Be7 14. f4 f5 15.
Bc4+ Kh8 16. dxe5 Rd8 17. Nf2 Na5 18. Bd3 Bb5 19. Qc2 Bxd3 20. Nxd3 Qc6 21. Nb2
Nc4 22. Qe2 Na3 23. Nd1 Nc4 24. Nb2 Na3 25. Nd1 Nc4 26. Nb2 1/2-1/2

[Event "Norway Armageddon 2019"]
[Site "Stavanger NOR"]
[Date "2019.06.09"]
[Round "5"]
[White "Vachier-Lagrave, Maxime"]
[Black "Carlsen, Magnus"]
[Result "1/2-1/2"]
[WhiteElo "2779"]
[BlackElo "2875"]
[PlyCount "90"]
[EventDate "2019.06.04"]

1. c4 e5 2. Nc3 Nf6 3. Nf3 Nc6 4. g3 d5 5. cxd5 Nxd5 6. Bg2 Bc5 7. O-O O-O 8.
d3 h6 9. Bd2 Nf6 10. Na4 Bb6 11. Rc1 Re8 12. Bc3 e4 13. dxe4 Nxe4 14. Qxd8 Rxd8
15. Be5 Re8 16. Nxb6 axb6 17. Bxc7 Rxa2 18. Ne5 Bf5 19. Nxc6 bxc6 20. f3 Nd2
21. Rf2 Rxb2 22. e4 Be6 23. Be5 Rb5 24. Rxd2 Rxe5 25. Rxc6 Rb5 26. f4 g6 27. e5
Kg7 28. Be4 Rb4 29. Bf3 Ra8 30. Kf2 Ra2 31. Rxa2 Bxa2 32. Bg4 h5 33. Bd7 Rb2+
34. Ke3 Rxh2 35. Rc7 Kf8 36. Rc8+ Kg7 37. Rc7 Kf8 38. f5 gxf5 39. Bxf5 Be6 40.
Bxe6 fxe6 41. Rb7 Rb2 42. Kf4 Rf2+ 43. Ke4 Re2+ 44. Kf4 Rf2+ 45. Ke4 Re2+
1/2-1/2

[Event "Norway Armageddon 2019"]
[Site "Stavanger NOR"]
[Date "2019.06.09"]
[Round "5"]
[White "So, Wesley"]
[Black "Anand, Viswanathan"]
[Result "1/2-1/2"]
[WhiteElo "2754"]
[BlackElo "2767"]
[PlyCount "84"]
[EventDate "2019.06.04"]

1. d4 Nf6 2. Nf3 d5 3. g3 c6 4. Bg2 Bf5 5. c4 e6 6. Nc3 Nbd7 7. Nh4 Bg6 8. Qb3
Qb6 9. c5 Qa6 10. Nxg6 hxg6 11. e4 b6 12. exd5 exd5 13. cxb6 axb6 14. Bf1 b5
15. Bd3 Bd6 16. O-O O-O 17. Qc2 Qa7 18. Ne2 Rfc8 19. Be3 c5 20. dxc5 Bxc5 21.
Bxc5 Nxc5 22. Bxb5 Qb6 23. Bd3 Nxd3 24. Qxd3 Qxb2 25. a4 Qc2 26. Nf4 g5 27.
Qxc2 Rxc2 28. Nd3 Ne4 29. a5 Nc5 30. Nb4 Rb2 31. Nc6 Ra6 32. Nd4 Nb3 33. Nxb3
Rxb3 34. Ra2 Rb5 35. Rfa1 d4 36. Kf1 Re5 37. Ra4 d3 38. f4 gxf4 39. gxf4 Rd5
40. Ke1 d2+ 41. Kd1 g6 42. R1a2 Kg7 1/2-1/2

[Event "Norway Armageddon 2019"]
[Site "Stavanger NOR"]
[Date "2019.06.09"]
[Round "5"]
[White "Yu, Yangyi"]
[Black "Caruana, Fabiano"]
[Result "1-0"]
[WhiteElo "2738"]
[BlackElo "2819"]
[PlyCount "131"]
[EventDate "2019.06.04"]

1. e4 c5 2. Nf3 Nc6 3. Nc3 g6 4. Bc4 Bg7 5. O-O a6 6. a3 e6 7. d3 Nge7 8. Ba2
d5 9. exd5 exd5 10. Bg5 h6 11. Bh4 g5 12. Bg3 O-O 13. h3 Be6 14. Qd2 Ng6 15.
Ne2 f5 16. Rae1 Qd7 17. b4 f4 18. Bh2 cxb4 19. axb4 Kh8 20. c3 Rad8 21. Kh1 Bf5
22. Ned4 Rfe8 23. Nxf5 Qxf5 24. d4 Qf7 25. Bb1 Rxe1 26. Rxe1 Re8 27. Bg1 Rxe1
28. Nxe1 Nce7 29. Qd3 Qe6 30. Nf3 Bf6 31. Ne5 Bxe5 32. dxe5 Qxe5 33. f3 Qe1 34.
Bc2 Kg7 35. c4 dxc4 36. Qxc4 Nh4 37. Qd4+ Kf7 38. Bb3+ Ke8 39. Qd6 Nhf5 40.
Qb8+ Kd7 41. Qxb7+ Kd8 42. Bc4 Nc8 43. Bxa6 Ncd6 44. Qa8+ Ke7 45. Bd3 Ne3 46.
Qa7+ Ke6 47. Qa2+ Kd7 48. b5 Qd1 49. Be2 Qe1 50. Bd3 Qd1 51. Qe2 Qc1 52. Kh2 h5
53. Bf2 Kc7 54. Qe1 Qc5 55. Kg1 Kb6 56. Qa1 Nxb5 57. Qb2 Kc6 58. Qxb5+ Qxb5 59.
Bxb5+ Kxb5 60. Bxe3 fxe3 61. Kf1 Kc4 62. Ke2 Kd4 63. g3 Kd5 64. Kxe3 Ke5 65.
f4+ Kf5 66. Kf3 1-0

[Event "Norway Armageddon 2019"]
[Site "Stavanger NOR"]
[Date "2019.06.09"]
[Round "5"]
[White "Ding, Liren"]
[Black "Aronian, Levon"]
[Result "1/2-1/2"]
[WhiteElo "2805"]
[BlackElo "2752"]
[PlyCount "194"]
[EventDate "2019.06.04"]

1. c4 Nf6 2. Nc3 e5 3. Nf3 Nc6 4. e3 Bb4 5. Qc2 Bxc3 6. bxc3 O-O 7. d3 d6 8.
Be2 e4 9. dxe4 Re8 10. Nd2 Ng4 11. h3 Qh4 12. g3 Qh6 13. Ba3 b6 14. f4 Nf6 15.
Bf3 Bb7 16. O-O-O Na5 17. g4 Nd7 18. g5 Qe6 19. f5 Qe5 20. Rhg1 Nc5 21. Rg4 Bc6
22. Bxc5 Qxc5 23. Qd3 Qa3+ 24. Kb1 b5 25. Ka1 Rab8 26. Qc2 Nxc4 27. Nxc4 bxc4
28. Qc1 Qxc1+ 29. Rxc1 g6 30. f6 Re5 31. Rb1 Rxb1+ 32. Kxb1 h5 33. Rg2 Bxe4+
34. Bxe4 Rxe4 35. Rb2 Kf8 36. Rb8+ Re8 37. Rb7 Rxe3 38. Rxa7 Ke8 39. Ra8+ Kd7
40. Rf8 Rxh3 41. Rxf7+ Ke6 42. Re7+ Kd5 43. a4 h4 44. a5 Kc6 45. Rg7 Rxc3 46.
Rxg6 Rf3 47. Rh6 h3 48. Rxh3 Rxh3 49. f7 Rf3 50. g6 Kb5 51. g7 Rxf7 52. g8=Q
Rf1+ 53. Kc2 Rf2+ 54. Kc3 Rf3+ 55. Kd4 Rd3+ 56. Ke4 d5+ 57. Ke5 Kxa5 58. Qb8
Ka4 59. Qxc7 Kb3 60. Qb6+ Kc2 61. Qf2+ Kb3 62. Qb6+ Kc2 63. Qf2+ Kd1 64. Qf5
Kd2 65. Qf4+ Kd1 66. Qg4+ Kd2 67. Qg2+ Kd1 68. Qg1+ Kd2 69. Qf2+ Kd1 70. Qg1+
Kd2 71. Qh2+ Kd1 72. Qh5+ Kd2 73. Qh6+ Kd1 74. Qa6 Kd2 75. Qa2+ Kd1 76. Qb1+
Kd2 77. Qb2+ Kd1 78. Qa1+ Kd2 79. Qb2+ Kd1 80. Qb1+ Kd2 81. Qb2+ Kd1 82. Kd6 c3
83. Qb3+ Kd2 84. Qb4 Kd1 85. Qg4+ Kd2 86. Qg2+ Kd1 87. Qf1+ Kd2 88. Qf2+ Kd1
89. Qf5 Kd2 90. Qf4+ Kd1 91. Qg4+ Kd2 92. Qb4 Kd1 93. Qb1+ Kd2 94. Qb4 Kd1 95.
Qb5 Kd2 96. Qa5 Kd1 97. Qb5 Kd2 1/2-1/2

[Event "Norway Armageddon 2019"]
[Site "Stavanger NOR"]
[Date "2019.06.09"]
[Round "5"]
[White "Mamedyarov, Shakhriyar"]
[Black "Grischuk, Alexander"]
[Result "0-1"]
[WhiteElo "2774"]
[BlackElo "2775"]
[PlyCount "74"]
[EventDate "2019.06.04"]

1. d4 Nf6 2. c4 e6 3. Nc3 Bb4 4. Nf3 O-O 5. Bg5 c5 6. Rc1 cxd4 7. Nxd4 h6 8.
Bh4 d5 9. e3 e5 10. Nf3 d4 11. exd4 exd4 12. Qxd4 Re8+ 13. Be2 Qxd4 14. Nxd4
Nc6 15. Bxf6 gxf6 16. Nc2 Bxc3+ 17. bxc3 Ne5 18. Ne3 Be6 19. O-O Rac8 20. Rfd1
Rc5 21. Rd4 Rec8 22. h3 Nxc4 23. Bxc4 Bxc4 24. Rd7 R5c7 25. Rxc7 Rxc7 26. a3
Be6 27. f4 Rc5 28. g4 f5 29. Kf2 Kg7 30. Kf3 Kf6 31. a4 b6 32. c4 Ra5 33. Rd1
Rxa4 34. Rd8 Ra3 35. Ke2 Ra2+ 36. Kd3 Rh2 37. gxf5 Bxf5+ 0-1